La naturaleza del espacio y el tiempo

Spremljeno u:
Bibliografski detalji
Glavni autori: Hawking, Stephen W (Autor), Penrose, Roger (Autor)
Format: Knjiga
Jezik:španjolski
Izdano: Buenos Aires Debate 2011
Izdanje:1a. ed
Serija:Ciencia
Teme:
Oznake: Dodaj oznaku
Bez oznaka, Budi prvi tko označuje ovaj zapis!

MARC

LEADER 00000cam a2200000 a 4500
001 UCF1670
003 CL-VaPUC
008 120723e20110000AG |||||||||||||||||spa|d
020 |a 9789871786183 
082 0 4 |a 530.11  |b HAW  |2 21 
100 |a Hawking, Stephen W  |e author  |9 304728 
700 0 |a Penrose, Roger  |e author  |9 563157 
245 1 3 |a La naturaleza del espacio y el tiempo 
250 |a 1a. ed 
300 |a 190 p 
942 |c BK 
945 |d 20120723 00:00:00  |a cmena 
260 |a Buenos Aires  |b Debate  |c 2011 
650 0 |a Física   |9 227844 
650 7 |a GRAVITACION CUANTICA  |2 CL-VaPUC  |9 321669 
650 0 |a Relatividad  |9 269977 
650 7 |a HOYOS NEGROS  |2 CL-VaPUC  |9 333042 
650 0 |a Teoría cuántica  |9 266148 
650 0 |a Cosmología  |9 269138 
583 |a last modification  |c 20120723 10:17:00  |k Rodrigo Vera 
490 0 |a Ciencia 
999 |c 348358  |d 348356 
952 |0 0  |1 0  |4 0  |6 530_110000000000000_HAW_2011  |7 0  |8 A  |9 450341  |a BIBING  |b BIBING  |d 2019-11-22  |i 4875486  |l 1  |o 530.11 HAW 2011  |p 4875486  |r 2025-01-20  |s 2023-04-04  |w 2019-11-22  |y BK  |k CUI